[Event "Guelph Pro-Am"]
[Site "Guelph"]
[Date "2014.01.26"]
[Round "4"]
[White "Starr, Nava"]
[Black "Hua, Eugene"]
[Result "1-0"]
[WhiteElo "2138"]
[BlackElo "1900"]
[Annotator "John Upper"]
[PlyCount "85"]
[EventType "swiss"]
[EventRounds "5"]
[EventCountry "CAN"]
[SourceTitle "Chess Canada Tactiosauru"]
[Source "CFC/John Upper"]
[SourceDate "2023.03.11"]
[SourceVersion "1"]
[SourceVersionDate "2023.03.11"]
[SourceQuality "1"]

{[%evp 0,85,24,18,18,18,10,8,12,9,-7,-10,0,8,15,10,12,7,37,19,26,-2,-11,-26,31,
-19,12,12,-5,7,23,0,0,32,68,74,68,36,40,98,119,137,148,97,127,122,281,228,647,
189,325,308,308,298,1198,1285,1287,1333,29997,1657,29991,824,1564,1370,1476,
1098,1101,782,780,815,815,921,1242,1275,1308,1190,1255,1277,1277,1323,1436,
1853,29983,29984,29987,29988,29989,29990]} 1. e4 e5 2. Nf3 Nc6 3. Nc3 Nf6 4. d4
exd4 5. Nxd4 Bb4 6. Nxc6 bxc6 7. Bd3 d6 (7... d5 {is the mainline, but Caruana
plays ...d6 too.}) 8. O-O h6 9. h3 O-O 10. f4 Re8 11. Qf3 Bc5+ 12. Kh2 Qe7 13.
Bd2 Bd4 14. Rae1 Rb8 15. b3 $16 {White is beautifully centralized and can push
in the center and kingside whenever she likes.} Bd7 16. Nd1 Nh7 17. Ne3 Nf8 18.
Qh5 Qf6 19. Nc4 Qe7 20. c3 Bb6 21. Rf3 Nh7 22. e5 dxe5 23. fxe5 Qe6 $6 24. Ref1
({or} 24. Nxb6 $1 axb6 25. Bc4 {immediately and Black can resign.}) 24... Rf8
25. Nxb6 cxb6 26. Bc4 Qe7 27. Rxf7 Rxf7 28. Rxf7 Qc5 29. Rxd7+ Kh8 {[%mdl
32832] [#] Critical Position White is up a piece and has a crushing position.
What are the quickest crushes?} 30. Qe2 $6 (30. Bxh6 $1 gxh6 31. Qf5 $18 {#2})
(30. Qf7 $1 Qxe5+ 31. Bf4 $18) 30... Rf8 31. b4 Qf2 32. Qxf2 Rxf2 33. Be3 Rf8
34. Rxa7 {White is up a piece and two pawns, and 200+ rating: why is Black
playing this out?  The remaining moves are not objectively bad, but resigning
was better.} b5 35. Bf7 $1 Rb8 36. e6 Nf6 37. Bd4 Nd5 38. e7 Nxe7 39. Rxe7 Rf8
40. Bb3 Rd8 41. Rxg7 Rxd4 42. Rg8+ Kh7 43. cxd4 {Black either resigned or
flagged.} 1-0

[Event "Toronto Crown op"]
[Site "Toronto"]
[Date "2014.04.20"]
[Round "6"]
[White "Sapozhnikov, Roman"]
[Black "Cheng, Bindi"]
[Result "0-1"]
[WhiteElo "2311"]
[BlackElo "2425"]
[Annotator "John Upper"]
[PlyCount "44"]
[EventDate "2014.04.18"]
[EventType "swiss"]
[EventRounds "6"]
[EventCountry "CAN"]
[SourceTitle "Chess Canada Tactiosauru"]
[Source "CFC/John Upper"]
[SourceDate "2023.03.11"]
[SourceVersion "1"]
[SourceVersionDate "2023.03.11"]
[SourceQuality "1"]

1. d4 Nf6 2. c4 g6 3. Nc3 d5 4. Nf3 Bg7 5. Qb3 dxc4 6. Qxc4 O-O 7. e4 a6 8. Be2
b5 9. Qb3 c5 10. dxc5 Be6 11. Qc2 Nbd7 12. Be3 Rc8 {[#]} 13. Ng5 (13. Rd1 $142
b4 14. Nd5 Bxd5 15. exd5 Nxc5 16. Bxc5 $2 (16. O-O $142 Nce4 17. Qd3 $14 {
(½-½, 29) Matlakov,M (2698)-Svidler,P (2723) Moscow, 2020.}) 16... Nd7 17.
O-O Nxc5 18. Qd2 $6 (18. Bc4 $15) 18... Qb6 19. Nd4 Na4 $2 20. Nc6 $1 $13 {
(½-½, 50+) Upper,J-Cheng,B Harbourfront Chess Fest, 2014.}) 13... Nxc5 14.
Bxc5 Rxc5 15. Nxe6 fxe6 16. Qb3 Re5 $15 17. Bf3 Nd7 18. Rd1 Qc7 {[%mdl 32832] 
[#]Critical Position} 19. O-O $4 (19. Bg4 $4 Nc5 20. Qc2 Nxe4 $19) (19. a4 $2
Nc5 20. Qc2 Nxa4 $19) (19. h4 $5 Nc5 20. Qc2 Nxe4 $4 (20... Na4 $15) 21. Bxe4
b4 22. Ne2 $8 $18 {unpinning the Be4 to defend the Qc2.}) 19... Nc5 $1 $19 (
19... Rxf3 $143 {is also winning, but allows the White Q to get back to defend
enough to extend the game:} 20. Rxd7 (20. gxf3 Rg5+ 21. Kh1) 20... Qxd7 21.
gxf3 Rg5+ 22. Kh1 Qd3 (22... Qd6 23. Rd1 $13) 23. Qxe6+ $2 (23. Qd1 Qc4 $17)
23... Kf8 $8 24. Qh3 Rh5 25. Qg2 Be5 26. h3 Rg5 $1 27. Rd1 Rxg2 28. Rxd3 Rxf2
$19) 20. Qb4 (20. Qc2 Rxf3 $1 21. gxf3 Rg5+ {as in the game.} 22. Kh1 Qf4 23.
Qe2 Be5 $19) 20... Rxf3 $8 21. gxf3 Rg5+ 22. Kh1 Qf4 0-1

[Event "WWCCh 2015"]
[Site "Sochi"]
[Date "2015.03.17"]
[Round "1.1"]
[White "Yuan, Yuanling"]
[Black "Muzychuk, Mariya"]
[Result "1-0"]
[WhiteElo "2257"]
[BlackElo "2520"]
[Annotator "Yuanling Yuan"]
[PlyCount "91"]
[EventDate "2015.03.??"]
[EventType "k.o."]
[EventCountry "RUS"]
[SourceTitle "Chess Canada Tactiosauru"]
[Source "CFC/John Upper"]
[SourceDate "2023.03.11"]
[SourceVersion "1"]
[SourceVersionDate "2023.03.11"]
[SourceQuality "1"]

{[%evp 0,91,26,20,67,54,58,48,46,47,36,30,30,36,44,44,41,48,33,36,41,21,16,16,
32,14,23,13,15,15,15,9,8,13,36,32,22,19,22,8,-7,-8,0,-3,8,0,0,-19,54,28,36,-28,
-27,-39,-62,-87,-53,-91,-67,-67,-67,-119,-101,-158,-183,-218,128,-183,-80,-82,
-82,-196,-76,-49,-49,-92,-95,-136,-123,-105,102,102,261,297,297,355,355,379,
379,315,889,29990,29991,29992]} {This was the very first time that I
represented Canada at the Women's World Championship and naturally I was very
excited. However, being one of the lowest rated players meant that I had a
really tough round 1 pairing - GM Mariya Muzychuk, 8th seed player in the
entire tournament. Nonetheless, I was excited to play against a GM!} 1. e4 c6
2. d4 d5 3. Nc3 dxe4 4. Nxe4 Nf6 5. Nxf6+ exf6 6. Nf3 Bd6 7. Bd3 O-O 8. O-O Bg4
9. h3 Bh5 10. Be4 Na6 11. c3 Nc7 12. Qd3 Bg6 13. Bxg6 hxg6 {[#] Black has an
interesting pawn structure here. She has a pair of double pawns next to each
other, which can be quite deadly if they choose to advance concurrently} 14. c4
Qd7 15. Be3 g5 16. Nd2 g4 17. hxg4 Qxg4 18. Ne4 Be7 19. Ng3 g6 20. Qe4 Qd7 21.
Rad1 Kg7 22. d5 cxd5 23. cxd5 Nb5 24. Qf3 Rh8 25. Ne4 f5 26. Ng3 Rh4 27. Bf4
Rah8 28. Rfe1 Bd6 29. Bg5 Rg4 30. Bc1 Qc7 31. Rd3 $2 {I remember that at this
point in the game I was already scrambling for time.} Rgh4 32. Bg5 {[%mdl
32832] [#]Critical Position How should Black pile up the pressure: ...Rg4, ...
Rh2, other?} Rg4 $4 ({Black has so many pieces pointed at White's K that there
is more than one way to finish the attack:} 32... Rh2 $142 $1 {making the R
safe and renewing the threat of ...Bxg3 then ...Rh1+.} 33. a4 Bxg3 34. fxg3
Rh1+ 35. Kf2 Rxe1 36. Kxe1 Rh1+ 37. Ke2 $19 Qc2+ 38. Bd2 Nd6 $8 $19 {/\ ...Nc4.
}) (32... Bxg3 $142 $19 33. Bxh4 Bxh4 34. d6 Qc5 35. d7 Nd4 36. Qe3 Ne6 $19 {
forces the Qs off while keeping control over d8.} (36... Bf6 $19)) 33. Bd2 $2 (
{ed -} 33. Nxf5+ $8 gxf5 $1 34. Qxf5 Rxg5 35. Qxg5+ Kf8 36. Rh3 $16) 33... Qd8
$2 (33... Rgh4 {Black should have continued to pursue the plan ...Bxg3 and ...
Bh1-Bxe1, ...Nd6.}) 34. b3 Qh4 35. a4 {[#]} Nc7 $2 {Here we both had less than
2 minutes to make move 40.} (35... Bc5 $1 36. Kf1 Nd4 {White has to give up
the exchange to stop the threats of ...Qh1 mating and ...Nxf3.}) 36. Bc3+ f6
37. Kf1 Rf4 38. Qd1 (38. Qe3 $5 {prevents ...Bc5.}) 38... Bc5 39. Rf3 {Diagram
[#]} Qg4 $4 {This was the fatal mistake.} (39... Rd8 $142 {preventing the
advance of the d-pawn while still maintaining pressure on White's kingside.})
40. d6 $1 {editor - Attacking the N, blocking Black's defence of e7, and
freeing d5 for White's Q: there is no way for Black to save the game after
this multipurpose move.} Rxf3 41. Re7+ $1 (41. gxf3 $4 Qh3+ 42. Ke2 Re8+ $13)
41... Kf8 ({editor -} 41... Kh6 42. gxf3 $18 Qh3+ 43. Ke2 Bxf2 44. Qc1+ g5 45.
Bxf6 {Black is hanging everywhere.}) 42. gxf3 Qh3+ 43. Ke2 Qg2 44. Be1 Ne8 45.
Qd5 Nxd6 46. Qe6 {Black resigned. After 40.d6 there was already no cure for
the lost position. Although there were many imperfections in my play, I was
still very excited about my very first victory against a GM, and especially
against the player who eventually went on to win the tournament and earn the
title of the 2015 Women's World Champion! - Yuanling Yuan} 1-0

[Event "4NCL"]
[Site "England"]
[Date "2015.05.02"]
[Round "?"]
[White "Cummings, David H"]
[Black "Lyell, Mark"]
[Result "1-0"]
[WhiteElo "2337"]
[BlackElo "2312"]
[Annotator "John Upper"]
[PlyCount "41"]
[EventDate "2015.05.02"]
[EventType "team-swiss"]
[EventRounds "11"]
[EventCountry "ENG"]
[SourceTitle "Chess Canada Tactiosauru"]
[Source "CFC/John Upper"]
[SourceDate "2023.03.11"]
[SourceVersion "1"]
[SourceVersionDate "2023.03.11"]
[SourceQuality "1"]
[WhiteTeam "South Wales Dragons"]
[BlackTeam "Hackney"]
[WhiteTeamCountry "ENG"]
[BlackTeamCountry "ENG"]

{[%evp 0,41,22,26,60,73,69,63,71,-3,63,51,51,52,52,40,88,46,94,73,25,9,46,-207,
-4,-73,-14,-35,158,158,794,1268,1391,1429,1421,1771,29989,29990,29995,29996,
29997,29998,29999,-30000]} 1. d4 f5 2. Nc3 Nf6 3. Bg5 d5 4. f3 c5 5. e4 cxd4 6.
Qxd4 Nc6 7. Bb5 Kf7 $2 8. Qa4 d4 9. O-O-O e5 10. Bc4+ Kg6 {[#]} 11. exf5+ $4 {
This allows Black a tightrope-like defence.} (11. f4 $142 {or h4.}) ({e.g.} 11.
h4 h6 (11... f4 {closing} 12. g3 $1 {opening} h6 13. gxf4 hxg5 14. f5+ Bxf5 15.
exf5+ Kxf5 16. Qb3 $18) 12. exf5+ $1 Bxf5 13. g4 $1 hxg5 14. gxf5+ Kxf5 15. Bf7
$1 Qe7 16. Qc4 $18) 11... Bxf5 $4 {Here's an example of how much chess engines
have improved over the past 7 years. In 2015, Stockfish 6 rated this position
as slightly better for White. In 2022, Stockfish 15 immediately rates White as
clearly winning on multiple continuations. One result is that its
identification of "the losing move" now comes at a much earlier point in the
game than it did in 2015, another is that SF is much quicker at finding (and
avoiding) losing variations.} ({2022 versions of Stockfish and Leela both
figure Black can survive after} 11... Kxg5 $1 12. g4 Kh6 13. h4 Bxf5 $8 14. Nh3
$11 (14. g5+ Kg6 15. gxf6 gxf6 $13) (14. Bf7 $2 g6 $19) (14. gxf5 $2 Qa5 $17)
14... Bd6 15. Ne2 Nxg4 $1 $13) 12. g4 Bd7 13. Qb3 $1 {[%mdl 32832] [#]
Critical Position White is winning, but calculate the mates on various
defences like ...h6 and ...Qe8} Qe8 (13... h6 14. Bd3+ $1 e4 15. Nxe4 hxg5 16.
Nd6+ Kh6 17. Nf7#) (13... Kxg5 14. h4+ Kh6 (14... Kf4 15. Nce2#) (14... Kg6 15.
Bf7+ Kh6 16. g5#) 15. g5+ Kh5 16. Bf7+ g6 17. Nge2 {and Ng3#}) (13... h5 14.
Bd3+ e4 15. Nxe4 hxg4 16. Nd6+ Kxg5 17. f4+ {forces mate.} (17. Nf7+ {
obviously wins.})) (13... Na5 14. Bf7+ Kxg5 15. h4+ Kh6 16. g5#) 14. h4 ({
editor -} 14. Bd3+ Kxg5 15. h4+ $8 $18 {also wins.}) 14... Na5 15. Bf7+ Qxf7
16. h5+ Kxg5 17. Nh3+ {[#]} Kh4 (17... Kh6 18. g5+ Kxh5 19. Qxf7+ {also mates
quickly.}) 18. Nf2+ Kg3 {Now everything wins of course, but White has a nice
mate in 3 with:} 19. Ne2+ Kg2 20. Rdg1+ Kxf2 21. Rh2# {One of my earliest
chess books was The King-Hunt by W.H.Cozens. It was nice to get to play one in
19th century style!} 1-0

[Event "Edmonton 10th"]
[Site "Edmonton"]
[Date "2015.06.28"]
[Round "9.3"]
[White "Shankland, Samuel L"]
[Black "Matras Clement, Agnieszka"]
[Result "1-0"]
[WhiteElo "2656"]
[BlackElo "2269"]
[Annotator "John Upper"]
[PlyCount "57"]
[EventDate "2015.06.??"]
[EventType "tourn"]
[EventRounds "9"]
[EventCountry "CAN"]
[EventCategory "10"]
[SourceTitle "Chess Canada Tactiosauru"]
[Source "CFC/John Upper"]
[SourceDate "2023.03.11"]
[SourceVersion "1"]
[SourceVersionDate "2023.03.11"]
[SourceQuality "1"]

1. d4 d5 2. c4 c6 3. Nc3 Nf6 4. e3 Bf5 5. cxd5 cxd5 6. Qb3 Nc6 $1 {Diagram [#]
The Glasgow Kiss This line -- which gets its name from a Scottish euphemism
for a head butt -- was almost unknown before 2012, but by 2014 Boris Avrukh
had a whole chapter on it in his book "The Classical Slav". That chapter
concludes: "a refreshing change and provides a relatively untested theoretical
background... which normally leads to an IQP structure where Black has a lead
in development and numerous open lines to compensate for the missing pawn.
Depending on how White continues, Black may find active play on either flank,
sometimes linking from one to the other, for instance with a rook switch from
b6 to the kingside. The theory of the line is still in its infancy but, after
a deep investigation which uncovered many new ideas for both sides, my
conclusion is that Black's chances are perfectly adequate." - Avrukh, "The
Classical Slav" (Quality, 2014).} 7. Qxb7 Bd7 {Update: Between 2016-2023,
there have been 161 games between players rated 2000+ from this position;
White scores 57% but Elo -2.} 8. Qb3 Rb8 9. Qd1 e5 $1 10. dxe5 Nxe5 11. Be2 (
11. Nxd5 $6 Nxd5 12. Qxd5 Bb4+ 13. Bd2 Bxd2+ 14. Qxd2 Qf6 15. Be2 Rxb2 $1 $15)
11... Bd6 12. Nf3 O-O 13. O-O Re8 $5 $146 14. Nd4 Rb6 15. b3 Bb8 16. Bb2 Nfg4
$1 17. h3 Rh6 $1 $13 18. Qd2 $6 {[%mdl 32960] This natural move -- connecting
the Rs and defending e3 -- leaves Black with an over-abundance of attacking
chances.  [#]Critical Position Attack or Die} (18. hxg4 $2 Nxg4 $1 $19 (18...
Qh4 $2 19. f4 $8 {is only a draw.}) 19. Bxg4 Bh2+ $1 20. Kh1 Bf4+ $8 {
preventing f2-f4.} (20... Be5+ 21. Kg1 Qh4 $2 22. f4 $8 $11) 21. Kg1 (21. Bh3
Bxh3 $19) 21... Qh4 $19) (18. Nxd5 $142 Nh2 $1 19. f4 (19. Re1 Bxh3 $15) 19...
Nxf1 20. Bxf1 $13) 18... Rxh3 $2 {A piece sac on h3 is a key part of any
attack, but the R is the wrong piece: Black needs it to attack on the h and
g-files.} (18... Qh4 $5 {Bringing another piece into the attack.} 19. Nxd5 $1
Nh2 $1 20. Nf4 (20. Rfd1 $2 Bxh3 $19) (20. Kxh2 $4 Nf3+ $19) 20... Nxf1 21.
Kxf1 $14 {with continuing pressure in an explosive position; e.g.} Ng4 (21...
g5 $2 22. Nf3 $1 Nxf3 23. Qxd7 $8 $18) 22. g3 (22. Bxg4 Bxg4 23. hxg4 Bxf4 $13)
22... Nxe3+ $8 23. Qxe3 Rxe3 24. gxh4 Re8 $14 {White has NN for R, but all
three results are in play.}) (18... Nxe3 $1 {A shocking sac, given that White
just added a defender on his previous move, but a very strong move: clearing
the g-file for Black's majors.} 19. fxe3 (19. Qxe3 $2 Ng6 20. Qd2 Nf4 21. g3 (
21. Bf3 $2 Nxh3+ 22. gxh3 Qc7 $19) 21... Nxh3+ 22. Kg2 Nf4+ 23. Kg1 Rg6 24. Bd3
Qh4 $3 $17) 19... Bxh3 {with two pawns and a very strong attack; e.g.} 20. Rf2
$1 $13 (20. gxh3 $4 Rg6+ {or ...Qg5+} 21. Kh1 Qh4 $19)) (18... Nh2 $3 {Best.
Black threatens ...Bxh3, and the N forks from f3 add critical tactics.} 19. f4
$8 (19. Kxh2 $4 Nf3+ $19 {exploiting 18.Qd2.}) (19. Rfd1 Bxh3 $1 20. gxh3 Qg5+
$19) 19... Bxh3 $1 {[#]  Analysis Diagram Black has three pieces hanging, but
as Tal said, they can take only one at a time.} 20. gxh3 $8 (20. fxe5 Bxg2 $1
21. Rf2 Bh3 $19) (20. Kxh2 Bxg2+ 21. Kxg2 Qh4 22. Rh1 Rg6+ $19) 20... Qd7 $1 (
20... Qh4 $4 21. Nf5 $18) 21. Bg4 (21. f5 $2 Rxh3 $17) 21... Nhxg4 (21... Nexg4
22. hxg4 Nxf1 23. Rxf1 Qxg4+ 24. Qg2 Qh5 $13) 22. hxg4 Qxg4+ 23. Qg2 $13 Qxg2+
(23... Qd7 $5 24. Nce2 $8 Rg6 25. Ng3 $13) 24. Kxg2 Rg6+ $11 25. Kh1 Rh6+ $8
26. Kg2 Rg6+ $8 {The K can't escape checks without giving up a pawn and an
exchange:} 27. Kf2 $6 Ng4+ $1 $15 (27... Nd3+ $2 28. Ke2 Nxb2 29. Rf2 $14 {
the Nb2 is stuck, and White gets the d5-pawn}) 28. Ke2 Nxe3 $15 {threatening
both Rs by ...Nxf1 and ...Nc2+.}) 19. gxh3 Qh4 {[#] White must find a string
of only moves to win the game, and he does.} 20. Bxg4 $8 Nxg4 (20... Bxg4 21.
f4 $8 $18) (20... f5 21. Nxf5 Bxf5 22. Qxd5+ $18) 21. f4 $1 $18 {So the Q and
Rf3 defend the squares abandoned by the pawns.} Nxe3 (21... Rxe3 22. Rf3 $18)
22. Rf3 $8 $18 Bxf4 23. Qf2 $8 Qg5+ 24. Kh1 $8 Bd6 25. Re1 $1 Ng4 26. Rxe8+
Bxe8 27. hxg4 Qxg4 28. Nce2 Bd7 29. Rg3 1-0

[Event "World op 43rd"]
[Site "Arlington"]
[Date "2015.07.01"]
[Round "1"]
[White "Jacobson, Aaron"]
[Black "Kovalyov, Anton"]
[Result "0-1"]
[WhiteElo "2214"]
[BlackElo "2613"]
[Annotator "John Upper"]
[PlyCount "62"]
[EventDate "2015.07.01"]
[EventType "swiss"]
[EventRounds "9"]
[EventCountry "USA"]
[SourceTitle "Chess Canada Tactiosauru"]
[Source "CFC/John Upper"]
[SourceDate "2023.03.11"]
[SourceVersion "1"]
[SourceVersionDate "2023.03.11"]
[SourceQuality "1"]

{[%evp 0,62,24,17,46,50,78,57,67,33,65,26,49,55,81,20,42,38,38,15,14,22,21,-16,
91,81,64,26,26,24,20,22,26,22,36,43,43,31,44,36,48,30,58,76,77,70,121,69,131,0,
-99,-197,-203,-252,-297,-451,-549,-526,-523,-29993,-29994,-29995,-29996,-29997,
-29998]} 1. e4 c5 2. Nf3 d6 3. d4 cxd4 4. Nxd4 Nf6 5. Nc3 a6 6. Bg5 e6 7. f4
Qc7 8. Bxf6 gxf6 9. Qf3 b5 10. Bd3 Nd7 11. f5 Nc5 12. O-O Nxd3 13. Qxd3 b4 14.
Nd1 e5 15. Ne2 a5 16. c4 Qc5+ 17. Kh1 Bh6 18. Rf3 Bb7 19. Rh3 {[%mdl 64] [#]
Critical Position Black's Bh6 is on a good diagonal, but if ...Bg5 White might
trap it with Rh5 and h4. Where should the B go?} Bg5 $1 {[%mdl 32832]} 20. Rh5
$2 {Now the B has no escape from White's pawns, but...} Ke7 21. h4 $2 {
Consistent: White plays to trap the B.} Bf4 $1 {Makes sure White's h-pawn
blocks the R's retreat.} 22. g3 Rag8 $1 $19 23. gxf4 (23. Kh2 Rxg3 (23... Rg7
$19) 24. Nxg3 Rg8 $19) 23... exf4 $8 $19 {Preventing Ne3-d5, and revealing
Black's hilarious point: [#]  Black "lost" a B, but White's Rh5 is permanently
trapped and his K is a sitting duck. Black has to find a series of only moves
to win, and Kovalyov does play the rest perfectly.} 24. Qf3 (24. Nxf4 $4 Qg1#)
24... Rg7 $8 25. Qxf4 (25. Qf2 Bxe4+ 26. Kh2 Rg2+ $19) 25... Qxc4 $8 26. Ng3 {
[#]} Rxg3 $8 $19 (26... Rhg8 $2 27. Rg5 $1 fxg5 28. f6+ $13) 27. Qxg3 Qxe4+ 28.
Kg1 Rg8 $1 29. Qxg8 Qe1+ $8 30. Kh2 Qh1+ 31. Kg3 Qg2+ {and ...Qf3#. A very
nice finish by Kovalyov.} 0-1

[Event "WYCC U14"]
[Site "Porto Carras"]
[Date "2015.11.02"]
[Round "8"]
[White "Chen, Richard"]
[Black "Shevchenko, Kirill"]
[Result "1-0"]
[WhiteElo "2117"]
[BlackElo "2359"]
[Annotator "John Upper"]
[PlyCount "87"]
[EventDate "2015.10.26"]
[EventType "swiss"]
[EventRounds "11"]
[EventCountry "GRE"]
[SourceTitle "Chess Canada Tactiosauru"]
[Source "CFC/John Upper"]
[SourceDate "2023.03.11"]
[SourceVersion "1"]
[SourceVersionDate "2023.03.11"]
[SourceQuality "1"]

{[%evp 0,87,24,18,40,50,77,48,79,53,50,48,51,59,28,28,49,31,59,47,81,53,44,58,
63,22,23,21,17,12,26,31,28,28,28,15,15,13,2,7,28,-18,-7,-43,-51,-41,-41,-34,
-50,-40,0,0,12,12,-1,-14,0,-38,45,72,72,67,69,89,88,85,104,76,116,110,146,142,
125,140,199,205,195,105,124,235,274,132,343,394,479,474,491,513,523,527]} 1. e4
c5 2. Nf3 d6 3. Bb5+ Nd7 4. d4 cxd4 5. Qxd4 a6 6. Bxd7+ Bxd7 7. Nc3 Rc8 8. O-O
e5 9. Qb4 Bc6 10. Be3 Be7 11. Rfd1 Qc7 12. Nd5 Bxd5 13. exd5 Nf6 14. Rac1 b5
15. c4 Qb7 16. Bg5 O-O 17. Bxf6 Bxf6 18. b3 Qd7 19. h3 h6 20. cxb5 axb5 21. Rc6
Rxc6 22. dxc6 Qxc6 23. Qxd6 Qc2 24. Qd2 Qc7 25. Rc1 Qb7 26. Qe2 e4 27. Nd2 Re8
{[%mdl 32832] Diagram [#]Critical Position Material is equal: Black's b and
e-pawns are possible targets, but the B is better than the N which has no
useful squares supported by pawns. Should White go ...Rc5, hoping Black will
go ...b4 to concede the c4 square, or should White try something else?} 28. Rc5
$2 (28. Nf1 $142 $11) 28... Bd4 $2 (28... e3 $3 {This pseudo-pawn sac turns
the game around.} 29. Nf3 $1 (29. Rxb5 $4 exf2+ 30. Kf1 (30. Qxf2 {drops the
Rb5.}) 30... Rxe2 31. Rxb7 Rxd2 $19) (29. fxe3 $2 Bd4 $8 $19 {this is the main
tactical point of ...e3. It's not hard to find... if you already know that ...
e3 is a good move.} 30. Rxb5 Rxe3 $8 31. Qc4 Re2+ 32. Qxd4 Qxg2#) 29... exf2+
30. Qxf2 b4 $17 {with the better minor piece, pawn structure, and king safety.}
) 29. Rxb5 $14 (29. Qxb5 $2 Qxb5 30. Rxb5 e3 $1 $19 31. Nf3 (31. Nf1 e2 $19) (
31. fxe3 Bxe3+ 32. Kf1 Bxd2 $19) 31... e2 32. Ne1 Bc3 $19) 29... Qc6 (29... Qa6
30. Nf1 $16 {and Black can't exploit the pin on the Rb5 without taking a tempo
to avoid Rb8+.}) 30. Nf1 $8 Re6 31. Rb4 Qd6 32. Rc4 Qe5 33. Ne3 {[#]} Bc5 $2 ({
The general rule is not to trade pieces when you're down pawns, but here the
trade would give Black very good drawing chances based on the exposed White K
in a 4 major piece ending.} 33... Bxe3 $1 34. fxe3 (34. Qxe3 Qa1+ 35. Kh2 Qxa2
$14 {is probably White's best try.}) 34... Qa1+ 35. Kh2 (35. Qf1 Qxa2 36. Rc8+
Kh7 37. Qxf7 Qxb3 $11) 35... Qe5+ 36. g3 Rf6 $11 {with enough activity to draw.
}) 34. b4 Bd6 35. g3 h5 36. Rc8+ Bf8 37. Qc4 h4 38. Qc5 $1 {The Q exchange
leaves Black with no chance.} Qxc5 39. bxc5 hxg3 40. fxg3 Ra6 41. c6 g6 42. c7
Rc6 43. Nd5 Kg7 44. Rd8 {Update 2023.01: Black got his GM title two years
after this game, and is ranked 88th in the world.} 1-0